000
00327nam a2200133Ia 4500
008
150201s2010 xx 000 0 und d
082
_a
618
_b
I10R
100
_a
RABBANI,TAMKIN
245
_a
INSTRUMENTS IN OBSTETRICS AND GYN.
250
_a
2ND
260
_b
CBS
_a
DELHI
_c
2010
650
_a
OBST & GYNAECOLOGY
942
_2
ddc
_c
BK
_0
2
999
_c
609
_d
609